Teoría y práctica del desarrollo
Gardado en:
| Autor Principal: | |
|---|---|
| Formato: | Libro |
| Idioma: | Lingua castelá |
| Publicado: |
Ciudad de México
Fondo de Cultura Económica
1976
|
| Subjects: | |
| Tags: |
Engadir etiqueta
Sen Etiquetas, Sexa o primeiro en etiquetar este rexistro!
|
MARC
| LEADER | 00000nam a2200000 a 4500 | ||
|---|---|---|---|
| 001 | UCX3407 | ||
| 003 | CL-VaPUC | ||
| 008 | 911104e19760000MX |||||||||||||||||spa|d | ||
| 082 | 0 | 4 | |a 330 |b FLO |2 21 |
| 100 | 0 | |a Flores de la Peña, Horacio |e author |9 319563 | |
| 245 | 1 | 0 | |a Teoría y práctica del desarrollo |
| 300 | |a 193 p | ||
| 942 | |c BK | ||
| 945 | |d 19911104 00:00:00 | ||
| 260 | |a Ciudad de México |b Fondo de Cultura Económica |c 1976 | ||
| 650 | 0 | |a Desarrollo económico |9 259599 | |
| 583 | |a last modification |c 19911104 00:00:00 |k Rodrigo Vera | ||
| 999 | |c 224176 |d 224174 | ||
| 952 | |0 0 |1 0 |4 0 |6 330_000000000000000_FLO_1976 |7 0 |8 P |9 220639 |a BIBGIM |b BIBGIM |d 2019-11-15 |i 2893703 |o 330 FLO 1976 |p 2893703 |r 2025-01-15 |w 2019-11-15 |y BK |k SSL | ||